Library Catalog

In the house of the interpreter : (Record no. 278531)

MARC details
000 -LEADER
fixed length control field 00651nam a2200205Ia 4500
003 - CONTROL NUMBER IDENTIFIER
control field OSt
005 - DATE AND TIME OF LATEST TRANSACTION
control field 20260425124648.0
008 - FIXED-LENGTH DATA ELEMENTS--GENERAL INFORMATION
fixed length control field 240806s9999||||xx |||||||||||||| ||und||
020 ## - INTERNATIONAL STANDARD BOOK NUMBER
International Standard Book Number 9789966259325
040 ## - CATALOGING SOURCE
Original cataloging agency Kenya National Library Service
082 ## - DEWEY DECIMAL CLASSIFICATION NUMBER
Classification number 823.914 NGU
100 ## - MAIN ENTRY--PERSONAL NAME
Personal name Ngugi wa Thiong'o
245 #0 - TITLE STATEMENT
Title In the house of the interpreter :
Remainder of title a memoir /
Statement of responsibility, etc. Ngugi wa Thiong'o
300 ## - PHYSICAL DESCRIPTION
Extent [12],150 pages ;
Dimensions 24 cm
650 ## - SUBJECT ADDED ENTRY--TOPICAL TERM
Topical term or geographic name entry element English literature.
942 ## - ADDED ENTRY ELEMENTS (KOHA)
Koha item type Books
Source of classification or shelving scheme Dewey Decimal Classification
Classification part 823.914 NGU
Holdings
Withdrawn status Source of classification or shelving scheme Damaged status Not for loan Collection Home library Current library Shelving location Date acquired Source of acquisition Cost, normal purchase price Inventory number Total checkouts Full call number Barcode Date last seen Price effective from Koha item type Public note
  Dewey Decimal Classification   Not for loan Kenyana Preservation, Conservation & Publication Preservation, Conservation & Publication   05/09/2014 PUR 930.00 2012-237   823.914 NGU A012590 06/26/2025 02/19/2024 Books Not for Loan
  Dewey Decimal Classification   Not for loan Kenyana Preservation, Conservation & Publication Preservation, Conservation & Publication   05/09/2014 PUR 930.00 2012-237   823.914 NGU KNLS724324 06/26/2025 02/19/2024 Books Not for Loan
  Dewey Decimal Classification   Not for loan Kenyana Preservation, Conservation & Publication Preservation, Conservation & Publication   05/09/2014 PUR 930.00 2012-237   823.914 NGU KNLS724323 06/26/2025 02/19/2024 Books Not for Loan

© 2025, Kenya National Library Service | Designed & Maintained by Uvumbuzi Center